Controlling dodavatelského řetězce mezi zaostáváním a pokrokem teze ke stavu a vývoje dynamického oboru Supply Chain Controlling
Tézy ku koncepcii, vývoju a celkovému poňatiu Supply Managementu. Tézy ku stavu a koncepcii kontrolingu v Supply (Chain) Managemente. Kontroling v manažmente zaistenia vstupov. Kontroling v manažmente logistiky. Kontroling v manažmente dodávateľského reťazca (Supply Chain Controlling - SCC). Analýza...
Salvato in:
| Natura: | Capitolo di libro |
|---|---|
| Lingua: | ceco |
| Soggetti: | |
| Tags: |
Nessun Tag, puoi essere il primo ad aggiungerne!!
|
MARC
| LEADER | 00000naa$a2200000$$$4500 | ||
|---|---|---|---|
| 001 | 0037004 | ||
| 005 | 20230509082304.0 | ||
| 041 | 0 | |a cze | |
| 044 | |a CZ | ||
| 245 | 1 | 0 | |a Controlling dodavatelského řetězce mezi zaostáváním a pokrokem |b teze ke stavu a vývoje dynamického oboru Supply Chain Controlling |
| 520 | |a Tézy ku koncepcii, vývoju a celkovému poňatiu Supply Managementu. Tézy ku stavu a koncepcii kontrolingu v Supply (Chain) Managemente. Kontroling v manažmente zaistenia vstupov. Kontroling v manažmente logistiky. Kontroling v manažmente dodávateľského reťazca (Supply Chain Controlling - SCC). Analýza vybraných koncepcií zaistenia vstupov a Supply Managementu. | ||
| 610 | 2 | 0 | |a reťazce dodávateľsko-odberateľské |
| 610 | 2 | 0 | |a kontroling |
| 610 | 2 | 0 | |a kontroling logistický |
| 610 | 2 | 0 | |a riadenie reťazcov dodávateľských |